LEADER 01411nam a2200229 4500 001 000000341784 003 CaOOAMICUS 005 20200827145005.0 008 200827s1789 fr a 000 u fre r 026 $anto- 8261 c.5. (dan (3) 1789 (R) 040 $aSeMil$bita 245 00$aTome 1. 264 1$aA Paris :$bChez De Bure l'aîné, libraire de Monsieur frère du roi; de la bibliotheque du roi, et de l'Académie Royale des inscriptions; hôtel Ferrand, rue Serpente,$c1789. 300 $axvi, 256 p. ;$c8° 500 $aSegn.: a8 A-Q8 700 11$aBarthélemy, Jean Jacques,$d<1716-1795>.$0(OLS)http://semarc/name/12138 773 0 $aBarthélemy, Jean Jacques <1716-1795>$tVoyage du jeune Anacharsis en Grèce, dans le milieu du quatrième siècle avant l'ère vulgaire. Tome 1. [-9.].$dA Paris : Chez De Bure l'aîné, libraire de Monsieur frère du roi; de la bibliotheque du roi, et de l'Académie Royale des inscriptions; hôtel Ferrand, rue Serpente, 1789.$g1$w()341779 850 $aSeMil 852 $aSeMil$W1$xVenegono$y1$m3XG II 25 FA$j221229$B232824$CSeMilBibl$Z2$F232824 $8I 996 $6245$aTome 1$9(OLS)http://semarc/title/1447 996 $6264$aA Paris :$bChez De Bure l'aîné, libraire de Monsieur frère du roi; de la bibliotheque du roi, et de l'Académie Royale des inscriptions; hôtel Ferrand, rue Serpente$9(OLS)http://semarc/publisher/59260 LEADER 01040nam a2200241 4500 001 000000350824 003 CaOOAMICUS 005 20220706161532.0 008 220706s2006 it a 000 u ita r 020 $a88-418-3322-X 040 $aSeMil$bita 100 1 $aSantambrogio, Giovanni,$d<1952- >.$0(OLS)http://semarc/name/44745 245 10$aAnnunciazione :$ble più belle rappresentazioni nell'arte /$cGiovanni Santambrogio. 264 3$aNovara :$bDe Agostini,$c2006. 300 $a191 p. :$bill. ;$c23x29 cm 650 4$aPittura - Tema [dell'] Annunciazione.$0(OLS)http://semarc/subject/52603 850 $aSeMil 852 $aSeMil$W1$xVenegono$y1$m5E VI 24$j233564$B241864$CSeMilBibl$Z2$F241864 $81 961 $aCastagna don Enrico - Omaggio 996 $6020$a88-418-3322-X$9(OLS)http://semarc/number/296266 996 $6245$aAnnunciazione :$ble più belle rappresentazioni nell'arte$9(OLS)http://semarc/title/440643 996 $6264$aNovara :$bDe Agostini$9(OLS)http://semarc/publisher/31220